[Event "EU-chT (Men) 12th"]
[Site "Batumi"]
[Date "1999.12.03"]
[Round "5.1"]
[White "Leko, Peter"]
[Black "Short, Nigel D"]
[Result "1/2-1/2"]
[WhiteElo "2701"]
[BlackElo "2675"]
[Annotator "Finkel,A"]
[PlyCount "51"]
[EventDate "1999.11.06"]
[EventType "team-swiss"]
[EventRounds "9"]
[EventCountry "GEO"]
[SourceTitle "CBM 074"]
[Source "ChessBase"]
[SourceDate "2000.02.01"]
[SourceVersion "1"]
[SourceVersionDate "2000.02.01"]
[SourceQuality "1"]
[WhiteTeam "Hungary"]
[BlackTeam "England"]
[WhiteTeamCountry "HUN"]
[BlackTeamCountry "ENG"]

1. e4 e6 2. d4 d5 3. Nc3 Nf6 4. Bg5 Bb4 5. e5 h6 6. Bd2 Bxc3 7. bxc3 Ne4 8. Qg4
g6 9. Bd3 Nxd2 10. Kxd2 c5 11. h4 Bd7 (11... Nc6 12. Qf4 Qa5 13. h5 gxh5 14.
Nf3 b6 15. Rxh5 Ba6 16. Bxa6 Qxa6 17. Qf6 Rf8 $13 {Fercec,N-Glek,I/Open 1998})
12. h5 g5 13. f4 Nc6 14. fxg5 Qxg5+ $5 {Deciding to fight for equality in the
arising endgame,which seems however on the first-hand look better for white.} (
14... Qa5 15. dxc5 (15. Nf3 O-O-O 16. g6 cxd4 17. Ke2 dxc3 (17... Qxc3 18. gxf7
Rdf8 19. Qf4 Nd8 20. Qxd4 Qxd4 21. Nxd4 $14 {Gaponenko,I-Grabuzova,T/
Timisoara-W 1994}) 18. Qf4 d4 19. g7 Rhe8 20. Kf2 Rg8 21. Qf6 Qc5 22. Rae1 Nb4
$17 {Koch,J-Goldgewicht,L/Cannes Martinez 1995}) 15... d4 16. Nf3 O-O-O 17. Ke2
Qxc3 18. Qf4 hxg5 19. Nxg5 Qxc5 20. Nf3 f5 21. Rh4 Rhg8 $132 {Olivier,
J-Goldgewicht,L/Cannes Masters 1995}) 15. Qxg5 hxg5 16. Ke3 (16. g4 $6 cxd4 17.
cxd4 Nxd4 18. c3 Nc6 19. Nf3 Ke7 20. Rae1 Rh6 $1 (20... Rag8 21. h6 f6 22. h7
Rg7 23. exf6+ Kxf6 24. Rh6+ $44) 21. Nxg5 Rg8 $17) 16... g4 $5 {[%csl Rg1]
Restricting white knight and desturbing fluent development of white pieces,but
the pawn on g4 becomes the turget for white pieces.} 17. Rf1 ({Of course not} 
17. Ne2 $2 c4 $19 {,but serious attention deserved}) (17. Be2 $5 {immideatly
attacking the pawn on g4.} Rc8 $6 (17... cxd4+ 18. cxd4 Nb4 19. Rb1 Nxc2+ 20.
Kd3 Rc8 (20... Na3 21. Rxb7 Bc6 22. Rc7 Bb5+ 23. Ke3 $16) 21. Bxg4 a5 22. Rxb7
Nb4+ 23. Ke3 Nc2+ 24. Kf4 Nxd4 25. Nf3 $14) 18. Rb1 cxd4+ 19. cxd4 b6 20. Bd3
Na5 21. Ne2 $16 {[%csl Rg4][%cal Gh5h8]}) 17... Ke7 18. Rh4 ({Very interesting
option was} 18. h6 $5 Rac8 $5 (18... Rag8 19. Rf6 Rg5 (19... Be8 20. Bf1 $5 Kd7
21. Ne2 $16) 20. Kf4 Rgg8 21. h7 (21. Ke3 Rg5) 21... Rg7 22. dxc5 Nxe5 23. Kxe5
Rg5+ 24. Bf5 exf5 25. Rfh6 f6+ 26. Kf4 Bb5 $5 27. Ne2 $5 $14) 19. Rf4 cxd4+ 20.
cxd4 Nb4 21. Rxg4 Ba4 $5 22. Nf3 Bxc2 23. Bxc2 Rxc2 24. Rg7 $14 {in both cases
with complicated struugle with slightly better prospects for white.}) (18. Rf4
$5 {[%csl Rd4]} Rag8 19. Be2 $14) 18... Rag8 19. Rb1 $6 (19. Be2) 19... b6 20.
Be2 cxd4+ 21. cxd4 f5 $1 $11 {After this strong move the draw seems to be
inevitable result.} 22. exf6+ (22. Bd3 $2 {[%csl Rh5]} Rg5 23. h6 Rg6 24. h7
Rg7 $17) 22... Kxf6 23. Rf1+ Ke7 24. Rxg4 (24. Bxg4 Nxd4 25. Kxd4 e5+ 26. Kxe5
Rxg4 27. Rxg4 Bxg4 $11) 24... Rxg4 25. Bxg4 Nxd4 $1 $11 26. Kxd4 1/2-1/2

[Event "FRA-ch Final stage"]
[Site "Besancon"]
[Date "1999.08.24"]
[Round "1.4"]
[White "Degraeve, Jean Marc"]
[Black "Vaisser, Anatoli"]
[Result "0-1"]
[WhiteElo "2542"]
[BlackElo "2564"]
[Annotator "Finkel,A"]
[PlyCount "76"]
[EventDate "1999.08.23"]
[EventType "k.o."]
[EventRounds "2"]
[EventCountry "FRA"]
[SourceTitle "CBM 073"]
[Source "ChessBase"]
[SourceDate "1999.12.01"]
[SourceVersion "1"]
[SourceVersionDate "1999.12.01"]
[SourceQuality "1"]

1. e4 e6 2. d4 d5 3. Nc3 Nf6 4. Bg5 Bb4 5. exd5 Qxd5 6. Bxf6 Bxc3+ 7. bxc3 gxf6
8. Nf3 b6 (8... Bd7 9. Be2 Qa5 10. O-O (10. Qd2 Bc6 11. O-O Nd7 12. Qe3 Rg8 13.
c4 O-O-O 14. g3 Nb6 15. Nd2 Qf5 16. c3 h5) 10... Qxc3 11. Rb1 Bc6 12. Bb5 Bxb5
13. Rxb5 Nd7 14. Rxb7 Nb6 15. d5 Nxd5 16. Rb3 Qc5) (8... Qa5 9. Qd2 b6 10. Be2
Bb7 11. O-O Rg8 12. Rfb1 Qf5 13. Rb5 Qh3 14. g3 a6 15. Rb3 Nd7) 9. Be2 (9. g3
Nd7 10. Bg2 Ba6 11. Kd2 O-O-O) (9. Qd2 Bb7 10. c4 Qd6 11. Be2 Nd7 12. O-O-O Rg8
13. Rhg1 Qa3+ 14. Kb1 O-O-O 15. Qe3 Qb4+ 16. Ka1 c5) 9... Bb7 10. O-O (10. Qd2
Nd7 11. c4 Qf5 12. O-O-O O-O-O) 10... Rg8 (10... Nd7 11. a4 Rg8 (11... a5) 12.
a5 b5 13. Qd3 f5 14. Rfe1 (14. Qxb5 Qxb5 15. Bxb5 Bxf3) 14... a6 (14... Bc6 15.
Kf1 Nf6 16. c4 bxc4 17. Qxc4 Qxc4 18. Bxc4 Bxf3 19. gxf3 Kd7) 15. Kf1 Nf6 16.
c4 bxc4 17. Qxc4 Qxc4 18. Bxc4 Bxf3 19. gxf3) 11. c4 (11. a4 Nc6 12. Qd3 O-O-O
13. Rfb1 Qh5 14. Ne1 Qg6 15. Bf3 Qxd3 16. cxd3 Na5) 11... Qe4 12. d5 Nd7 (12...
exd5 13. Re1 Kf8 14. Bf1 Qf5 15. Nd4 Qf4 16. cxd5 Bxd5 17. Nb5) 13. g3 O-O-O
14. Nd2 Qg6 15. Bh5 (15. Nb3 f5 16. a4 Nf6 (16... a5 17. Rb1 Nf6 18. Bf3 f4 19.
Qd4) 17. a5 c5 (17... exd5 18. c5) 18. axb6 axb6 19. Ra7 exd5 20. cxd5 Nxd5 21.
Bf3) 15... Qg7 16. dxe6 fxe6 17. Qe2 (17. Bf3 Ne5 18. Bxb7+ Kxb7 19. f4 (19.
Qe2 Rxd2) 19... Nc6 20. c5 h5) 17... e5 18. Nb3 (18. Bf3) 18... Qe7 19. a4 a5
20. Bf3 e4 21. Bg2 f5 22. Rfe1 c5 23. Nd2 Ne5 24. Rad1 Kb8 (24... Kc7) 25. Nf1
Rxd1 26. Rxd1 Qe6 27. Qh5 Qg6 28. Qh4 (28. Qe2 f4 29. Qd2 e3 30. fxe3 f3 31.
Bh3 Nxc4) 28... Nxc4 (28... Qg4 29. Qxg4 fxg4 30. Ne3 Bc6) 29. Qf4+ Ka7 30. Rd7
Rc8 31. Bh3 Qc6 32. Qxf5 e3 (32... Rc7 33. Rxc7 (33. Qxh7 e3 34. fxe3 Qh1+ 35.
Kf2 Qf3+ 36. Kg1 Rxd7 37. Qxd7 Nxe3) 33... Qxc7 34. Bg2 Qe7 (34... b5 35. axb5
a4 36. Bxe4 Nd6 (36... a3 37. Bxb7 a2 38. Qf6 Qa5 39. Bd5) 37. Qxh7 Qxh7 38.
Bxh7 Bd5 39. Ne3 a3 40. c4 a2 41. Nc2)) 33. fxe3 Re8 (33... Nd6 34. Qf4 Qh1+
35. Kf2 Ne4+ 36. Ke1) 34. e4 (34. Qf7) 34... Ne5 35. Rxh7 Qxa4 36. Qh5 (36. c3
Qd1) 36... Qd4+ 37. Kh1 Qxe4+ 38. Kg1 Qd4+ 0-1

[Event "Dos Hermanas 10th"]
[Site "Dos Hermanas"]
[Date "1999.04.14"]
[Round "7"]
[White "Anand, Viswanathan"]
[Black "Kortschnoj, Viktor Lvovich"]
[Result "1/2-1/2"]
[WhiteElo "2781"]
[BlackElo "2673"]
[Annotator "Finkel,A"]
[PlyCount "57"]
[EventDate "1999.04.06"]
[EventType "tourn"]
[EventRounds "9"]
[EventCountry "ESP"]
[EventCategory "19"]
[SourceTitle "CBM 071"]
[Source "ChessBase"]
[SourceDate "1999.08.01"]
[SourceVersion "1"]
[SourceVersionDate "1999.08.01"]
[SourceQuality "1"]

{[%mdl 2352]} 1. e4 e6 2. d4 d5 3. Nc3 Nf6 4. Bg5 Bb4 5. e5 h6 6. Bd2 Bxc3 7.
bxc3 Ne4 8. Qg4 Kf8 9. Bd3 Nxd2 10. Kxd2 c5 11. h4 (11. Rb1 cxd4 12. cxd4 Qa5+
13. Ke2 Nc6 14. Qf4 b6 15. Nf3 Ba6 16. Qd2 Qxa2 17. Ra1 Bxd3+ 18. Qxd3 Qc4 $13
{Flores Alvarez,R-Gutierrez,J/Santiago 1957}) (11. dxc5 Nd7 12. Qd4 Qe7 13. f4
Nxc5 14. Ne2 b6 15. Ke3 Ba6 16. Qb4 Rc8 17. a4 Bxd3 18. cxd3 Nb7 $13 {
Mirschinka,D-Liebert,H/BL2-O 1996}) (11. f4 Nc6 12. dxc5 (12. Nf3 Qa5 13. f5 c4
14. Be2 exf5 15. Qg3 Be6 16. h4 g6 $15 {Hulters,J-Kieninger,G/Krefeld 1938})
12... Qa5 13. Ne2 d4 14. Rab1 dxc3+ 15. Nxc3 Qxc5 16. Ne4 Qa5+ 17. Ke3 b6 18.
Rhd1 $14 {Malmgren,S-Hjorth,S/SWE-ch 1971}) 11... c4 (11... Nc6 12. Rh3 Qa5 13.
Rg3 {[%csl Gg7]} g5 14. hxg5 hxg5 15. Qxg5 Ke8 16. Qf6 Rf8 17. dxc5 d4 18. Ne2
$14 {Westerinen,H-Bajovic,M/Reykjavik op 1982}) 12. Be2 Nc6 13. Rh3 Rg8 14. Qf4
(14. Rf3 Ne7 $5 15. Qf4 Nf5 (15... Qe8 $6 16. Nh3 Bd7 17. h5 $36 {[%cal Gg2g5]}
) 16. g4 g5 $1 17. hxg5 hxg5 18. Qh2 Nh4 19. Rh3 Bd7 20. Nf3 Nxf3+ 21. Bxf3 Ke7
$132) 14... Bd7 15. Bh5 Be8 16. Ne2 (16. Rf3 $5 f5 $5 17. Bxe8 Kxe8 18. h5 Qd7
$5 (18... Qg5 $6 19. Qxg5 hxg5 20. Rg3 g4 21. f3 g6 22. hxg6 (22. h6 $5 $13)
22... Rxg6 23. Ne2 Ke7 24. Nf4 Rg7 25. fxg4 fxg4 26. Rh1 $14) 19. Rh3 Ne7 20.
Nf3 Rb8 21. Nh4 $13) 16... f5 17. g4 (17. Bxe8 $5) 17... Ne7 18. Rg1 $5 Bxh5
19. gxh5 {[%csl Rg7]} Qe8 20. Qf3 {[%cal Ge2f4,Gf4g6]} Rc8 21. Nf4 Rc6 22. Rhg3
Ra6 23. Qg2 Qf7 24. Qf1 Qe8 (24... Rxa2 $2 25. Qb1 {[%cal Gb1a2,Gb1b7]} Ra6 26.
Qxb7 Rb6 27. Qxa7 $18) 25. R1g2 Kf7 26. Rg1 Rxa2 27. Qg2 Qf8 28. Rb1 Qc8 (28...
b6 $2 29. Rg6 $1 {[%csl Re6]} Qe8 (29... Nxg6 30. Qxg6+ Ke7 31. Qxe6+ Kd8 32.
Qxd5+ $18) 30. Rxe6 Qa4 31. Rc1 $16) 29. Rg1 1/2-1/2

[Event "ISR-chT"]
[Site "Ramat Aviv"]
[Date "2000.03.17"]
[Round "6.2"]
[White "Sutovsky, Emil"]
[Black "Zifroni, Dov"]
[Result "1/2-1/2"]
[WhiteElo "2597"]
[BlackElo "2531"]
[Annotator "Finkel,A"]
[PlyCount "54"]
[EventDate "2000.01.14"]
[EventType "team"]
[EventRounds "11"]
[EventCountry "ISR"]
[SourceTitle "CBM 077"]
[Source "ChessBase"]
[SourceDate "2000.07.27"]
[SourceVersion "1"]
[SourceVersionDate "2000.07.27"]
[SourceQuality "1"]
[WhiteTeam "Petah Tikva Elitzur"]
[BlackTeam "Herzliya"]
[WhiteTeamCountry "ISR"]
[BlackTeamCountry "ISR"]

1. e4 e6 2. d4 d5 3. Nc3 Nf6 4. Bg5 Bb4 $5 {This sharp contination becomes
more and more fashionable and we have very simple explanation for this:in
complicated struggle black gets simply emazing results and it's impossibe to
point out any specific line which leads to clear advantage for white!} 5. e5 h6
6. Bd2 Bxc3 7. bxc3 Ne4 8. Qg4 g6 9. Bd3 Nxd2 10. Kxd2 c5 11. Nf3 Qe7 (11...
Nc6 12. h4 (12. Qf4 $6 g5 13. Qe3 g4 14. Ng1 Qa5 $1 {[%cal Ga5d2]} 15. Qf4 cxd4
16. Ne2 dxc3+ $17 {Renet,O-Bauer,C/Montpellier 1993}) 12... cxd4 13. cxd4 Bd7
14. Qf4 Qe7 15. a3 O-O-O 16. Rh3 Na5 17. Nh2 g5 $132 {Velikhanli,F-Zaitseva,L/
Moscow olw 1994}) 12. h4 (12. Rhb1 Nc6 13. a4 c4 14. Be2 b6 15. h4 Bd7 16. Qf4
O-O-O 17. Ke3 Rdf8 18. Qf6 Qxf6 19. exf6 Kc7 $11 {Pedzich,D-Daly,C/Cappelle op
1995}) 12... Bd7 13. Qf4 $5 {Interesting attempt to fight for the advantage.} (
13. Rhe1 $5 Nc6 14. Qf4 cxd4 15. cxd4 Nb4 16. Qf6 Rg8 17. Rab1 Nxd3 18. cxd3
Bc6 19. Rec1 Rc8 20. Ke3 $14 {Cherniaev,A-Kobalija,M/Moscow-ch 1996}) (13. Rab1
Bc6 14. Qf4 c4 15. Be2 Nd7 16. h5 (16. Nh2 f5 17. exf6 Nxf6 18. Bf3 h5 19. Rhe1
O-O-O 20. Nf1 Ne4+ $5 $132 {Arapovic,V-Savchenko,S/Biel op MTO 1996}) 16... g5
17. Qe3 f5 18. exf6 Nxf6 19. Ne5 Ne4+ 20. Ke1 Qa3 21. Rh3 O-O $36 {Afek,
Y-Marzolo,C/Cannes opB18th 1997}) 13... Bc6 14. Nh2 Nd7 15. Ng4 O-O-O $1 (15...
h5 $6 16. Nf6+ Nxf6 17. exf6 Qd7 (17... Qf8 18. Qc7 c4 19. Be2 Qa3 20. g4 hxg4
21. Bxg4 $16) 18. dxc5 O-O-O 19. Qd4 $14) 16. Nxh6 f5 $8 17. exf6 $6 {More
ambitious was} (17. g4 $5 c4 $6 (17... fxg4 $2 18. Qf7 Qf8 19. Qxf8 Rdxf8 20.
Nxg4 Rf4 21. Rag1 $16) (17... cxd4 18. cxd4 fxg4 19. Qg5 (19. Nxg4 Rxh4 20.
Rxh4 g5 21. Qe3 gxh4 $13) 19... Qb4+ 20. c3 Qb2+ 21. Ke3 Nb6 $44 {[%cal Gb6c4]}
) 18. Be2 Nb6 19. g5 Rhf8 20. h5 $16) 17... Nxf6 18. Ng4 Ne4+ 19. Bxe4 dxe4 20.
Ne5 $8 cxd4 21. Nxc6 (21. Nxg6 $2 Qc5 $1 22. Nxh8 $2 Qxc3+ 23. Ke2 Bb5+ $19)
21... bxc6 22. Rab1 ({Deserved attention} 22. Qxe4 dxc3+ 23. Ke1 Rd5 24. Rh3
Qf6 25. Kf1 $14 {with minimal advantage.}) 22... dxc3+ (22... e3+ $2 23. fxe3
dxe3+ 24. Kxe3 Qc5+ 25. Ke2 e5 26. Qg4+ $16) 23. Ke1 (23. Kxc3 Qc5+ 24. Kb2 Rh7
25. Rh3 Rb7+ 26. Rb3 Rxb3+ 27. axb3 Qd4+ $11 {[%cal Gd8d5,Gd5a5]}) 23... Qd6
24. Qxd6 Rxd6 $11 25. Rh3 e3 $5 26. Rxe3 Rxh4 27. Rb3 Rh1+ 1/2-1/2

[Event "Corus"]
[Site "Wijk aan Zee"]
[Date "2000.01.29"]
[Round "12"]
[White "Polgar, Judit"]
[Black "Kortschnoj, Viktor Lvovich"]
[Result "1/2-1/2"]
[WhiteElo "2658"]
[BlackElo "2659"]
[Annotator "Finkel,A"]
[PlyCount "95"]
[EventDate "2000.01.15"]
[EventType "tourn"]
[EventRounds "13"]
[EventCountry "NED"]
[EventCategory "18"]
[SourceTitle "CBM 075"]
[Source "ChessBase"]
[SourceDate "2000.04.05"]
[SourceVersion "1"]
[SourceVersionDate "2000.04.05"]
[SourceQuality "1"]

1. e4 e6 2. d4 d5 3. Nc3 Nf6 4. Bg5 Bb4 5. e5 h6 6. Bd2 Bxc3 7. bxc3 Ne4 8. Qg4
Kf8 9. Bd3 Nxd2 10. Kxd2 c5 11. h4 Nc6 12. Nf3 {The other alterative is 12.Rh3
keeping an option to develop the knight on e2 or h3.} (12. Rh3 c4 13. Be2 (13.
Bf1 $5 {[%cal Gg1e2]} Bd7 14. Ne2 b5 15. a3 a5 16. Nf4 Ne7 17. Nh5 Nf5 18. Qf4
$16 {Golubev,M-Hess,C/Chemnitz op 1998}) 13... b5 14. a3 Bd7 15. Rf3 a5 16. Nh3
Ne7 17. Qf4 Be8 18. h5 b4 19. axb4 axb4 20. Rxa8 bxc3+ $13 {Arnold,L-Almasi,I/
Budapest FS08 GM 1997}) 12... c4 $5 {The plans of both sides are perfectly
clear:white intends to create something on the kingside,while black is playing
on the queenside,trying to brea white's position with b4.} 13. Be2 b5 14. a3
Bd7 (14... a5 15. Qf4 (15. h5 Rb8 16. Rhb1 Qe7 17. Qf4 (17. Qh4 $5 Ba6 18. g4
Qxh4 19. Nxh4 Rb6 20. f4 Ne7 21. Rf1 $14 {[%cal Gf4f5] Hegedus,I-Bock,J/
Budapest FS07 Elo 1998}) 17... b4 18. axb4 axb4 19. cxb4 Rxb4 20. Qe3 Ke8 21.
Qc3 Rxb1 $11 {Cvicela,A-Sladecek,J/SVK-chT2 1995}) 15... Qe7 (15... Rb8 16.
Rhb1 Qe7 17. g4 Bd7 18. g5 b4 19. axb4 axb4 20. cxb4 Rxb4 21. c3 $14 {Heissler,
J-Reefschlaeger,H/BL9596}) 16. h5 Ra7 17. g4 b4 18. Qe3 bxa3 19. Ra2 a4 20.
Rha1 Bd7 $132 {Polgar,J-Lautier,J/Madrid 1993}) 15. Qf4 $5 (15. h5 a5 16. Qf4
b4 17. g4 bxc3+ 18. Ke3 Be8 19. Rag1 Ke7 20. g5 $13 {Horvath,A-Almasi,I/
Budapest FS12 GM 1997}) 15... Ke7 $5 {[%cal Gd7e8,Ge7c7]} 16. h5 (16. Qg3 Rg8
17. h5 Be8 18. Rh4 a5 19. Rg4 Kf8 20. Nh4 $14 {[%cal Gf2f5]}) 16... Be8 17. Nh4
(17. Rh4 $5) 17... a5 18. Qg3 Rg8 19. Qe3 Bd7 20. f4 b4 21. Rhb1 $5 ({Better
was} 21. axb4 axb4 22. cxb4 Nxb4 23. Qc3 Nc6 24. Rxa8 Qxa8 25. Ra1 Qb7 26. Qa3+
Qb4+ 27. Qxb4+ Nxb4 28. c3 $14 {with slightly better prospects in the endgame.}
) 21... bxc3+ 22. Qxc3 Qc7 23. g4 Rgb8 24. f5 $5 {Interesting decision:white
sacrifices a pawn,but significiently improves position of the pieces.} Qa7 {
[%csl Rd4]} 25. f6+ (25. Ke3 Nxe5 $17) (25. Nf3 exf5 26. gxf5 Bxf5 $17) 25...
gxf6 26. exf6+ Kxf6 27. Rf1+ Ke7 28. Rf4 {[%cal Ga1f1,Gh4f3,Gg4g5]} a4 29. Bxc4
$2 ({After} 29. Raf1 $5 Be8 30. Nf3 Qa5 31. Qxa5 Rxa5 32. g5 hxg5 33. Nxg5 $132
{white has more than sufficient compensation for the pawn.}) 29... dxc4 30. d5
{[%cal Gc3f6,Ga1e1]} Qa5 $6 (30... exd5 $4 31. Qf6+ Ke8 32. Re1+ Be6 33. Rxe6+
fxe6 34. Qf8+ Kd7 35. Rf7+ $18) ({Very serious attention deserved} 30... e5 $5
31. Re1 Be6 $1 32. dxe6 (32. Nf5+ $2 Bxf5 33. Rxf5 Qd4+ 34. Qxd4 Nxd4 $19)
32... exf4 33. Nf5+ Kd8 34. Qf6+ Kc8 35. exf7 Qd7+ 36. Kc1 Kb7 $15 {with
extremly complicated position,in which black is a rook up.}) 31. dxc6 Bxc6 32.
Qxa5 Rxa5 33. Re1 Bd5 34. Kc3 $5 {Now the position is equal and the draw
agreement is not far away.} (34. Nf5+ Kf6 35. Ne3+ Kg7 36. Nxc4 $11) 34... Kf8
35. Ref1 Rb7 36. Ng6+ Kg8 37. Ne5 Bg2 38. Re1 (38. Nxc4 $6 Rc5 39. Re1 Bd5 40.
Kd3 Rbc7 $15) 38... Rc7 39. Kb4 Ra8 40. Rxc4 Rb8+ 41. Kc3 (41. Kxa4 $4 Ra7#)
41... Rxc4+ 42. Nxc4 Kg7 43. Ne3 Bc6 44. Rf1 Rb5 45. Rf4 Re5 46. Kd3 Ra5 47.
Kd2 (47. c4 Kf8 48. Kc3 Ke7 49. Rf2 Re5 $132) 47... Rc5 48. Kd3 1/2-1/2

[Event "Kiev Spring"]
[Site "Kiev"]
[Date "2000.03.26"]
[Round "5"]
[White "Iordachescu, Viorel"]
[Black "Vysochin, Spartak"]
[Result "1-0"]
[WhiteElo "2560"]
[BlackElo "2494"]
[Annotator "Finkel,A"]
[PlyCount "81"]
[EventDate "2000.03.22"]
[EventType "tourn"]
[EventRounds "11"]
[EventCountry "UKR"]
[EventCategory "11"]
[SourceTitle "CBM 077"]
[Source "ChessBase"]
[SourceDate "2000.07.27"]
[SourceVersion "1"]
[SourceVersionDate "2000.07.27"]
[SourceQuality "1"]

1. e4 e6 2. d4 d5 3. Nc3 Nf6 4. Bg5 Bb4 5. e5 h6 6. Be3 $5 {Quiet rare
continuation,nevertheless leading to extremly complicated struggle.} Ne4 7. Qg4
g6 8. a3 Bxc3+ 9. bxc3 Nxc3 (9... c5 10. Bd3 Nxc3 11. dxc5 Qa5 (11... Nc6 12.
Nf3 Qa5 13. O-O Qa4 14. Qxa4 Nxa4 15. Bb5 Nc3 $132 {Hracek,Z-Vaisser,A/EU-chTM
1997}) 12. Qb4 Qxb4 13. axb4 Nc6 14. Bd2 d4 15. Bxc3 dxc3 16. Bb5 Bd7 $13 {
Klovans,J-Jahrsdoerfer,G/Wuerzburg op 1995}) 10. Bd3 Nc6 (10... Bd7 11. h4 c5
12. dxc5 Nc6 13. Nf3 Ne7 14. h5 g5 15. Nd4 $36 {Klovans,J-Grabuzova,T/Cappelle
op 1995}) 11. h4 $5 (11. Nf3 Ne7 12. Bd2 Na4 13. Qf4 Nf5 14. h4 c5 15. dxc5
Nxc5 16. g4 Nxd3+ 17. cxd3 Ne7 18. Qf6 $36 {Herbrechtsmeier,C-Koen,M/Biel op
1993}) 11... Qe7 (11... Ne7 12. f3 c5 13. dxc5 Nc6 14. Bd2 d4 15. Bxc3 dxc3 16.
Qc4 Nxe5 17. Qxc3 Qf6 18. Ne2 $13 {Hernandez,G-Glek,I/Linares op 1996}) 12. Nh3
Bd7 13. h5 g5 14. f4 gxf4 15. Bf2 Qf8 16. Qxf4 $5 {This move is serious
improvement compering to the following game:} (16. Bh4 $6 Nxd4 17. Nxf4 Rg8 18.
Nxd5 $2 Nxc2+ 19. Bxc2 Nxd5 20. Qf3 Qc5 $19 {Hartman,C-Brynell,S/Rilton Cup9495
}) 16... O-O-O 17. Bh4 Re8 18. O-O Ne4 $5 {Sacriificing a pawn and hoping to
bring the bishop into play.} (18... f5 $6 19. exf6 e5 20. dxe5 Rxe5 21. Rae1
Rxe1 22. Rxe1 Bxh3 23. gxh3 Qc5+ 24. Kh1 $16 {[%cal Gf6f8]}) 19. Nf2 $6 {
Not exepting the sacrifice and on my opinion-invain!} (19. Bxe4 dxe4 20. Qxe4
Ne7 21. c4 Bc6 22. Qf4 Rg8 23. Ra2 $14) 19... Nxd4 20. Nxe4 dxe4 21. Qxe4 Nf5
22. Rab1 $5 Qc5+ $1 {Of course not} (22... Bc6 $2 {permitting white to finish
tthe game in the style!} 23. Qxc6 $3 bxc6 24. Ba6+ Kd7 25. Rfd1+ Nd6 26. exd6 (
26. Rxd6+ cxd6 27. Rb7+ Kc8 28. Rb6+ $11) 26... e5 (26... f6 27. dxc7+ Ke7 28.
Rb7 Rc8 29. Rxa7 $16) 27. dxc7+ Ke6 28. Rd8 $18) 23. Bf2 Qd5 $6 (23... Qc6 $1
24. Bxa7 Rhg8 25. Bf2 Rg5 $36 {[%cal Ge8g8]}) 24. c4 Qxe4 $2 {After this
careless move black is in deep troubles,while after accurate} (24... Qc6 $1 {
it would be white who had to think about the defense!}) 25. Bxe4 b6 26. c5 $40
Reg8 (26... Rd8 $5 27. Rfc1 Kb8) (26... Ne7 27. Rfc1 $16) 27. Rfc1 Kd8 (27...
Kb8 $2 28. cxb6 cxb6 29. Bxb6 axb6 30. Rxb6+ $18) 28. Bf3 $1 {[%csl Gg4]} Rg5
29. Rb2 $1 {[%csl Rd7,Rd8][%cal Gb2d2,Gc1d1]} Rhg8 30. Rd2 Ke8 31. cxb6 cxb6
32. Rc7 $18 {Now it's over.} Bb5 33. Rxa7 Kf8 (33... Bc4 34. Bc6+ Kf8 35. Rdd7
Rh8 36. Rxf7+ $18) 34. a4 Be8 35. Rd8 Ng3 36. Bxb6 Rxe5 37. Rxe8+ $1 Kxe8 38.
Ra8+ Ke7 39. Rxg8 Nxh5 40. a5 Nf4 41. a6 1-0